000 00273 a2200109 4500
040 _aDLC
082 _a912
100 _a Dr. Javed Iqbal.
245 _aZinda Roud: Hayat-e-Iqbal ka ekhtatami dour
_cDr. Javed Iqbal.
700 _a Iqbal, Muhammad.
942 _cBK
_k912 JAV
_2ddc
999 _c5160
_d5160